000 00381nam a2200169Ia 4500
003 0STCL
008 150530s9999 xx 000 0 und d
040 _aSTCL
_cSTCL
100 _aDutta, R.L.; Syamal, A.
245 _aElements of magnetochemistry
250 _aSecond
260 _c1993
546 _aEnglish
942 _2ddc
_cBK
999 _c32217
_d32217
005 20220125170239.0